LAS NUEVAS REGLAS DEL JUEGO: HACIA UN DESARROLLO SOSTENIBLE EN AMERICA LATINA/

Salvato in:
Dettagli Bibliografici
Altri autori: Soto, Hernando de, (edición) (edición)
Natura: Libro
Soggetti:
Tags: Aggiungi Tag
Nessun Tag, puoi essere il primo ad aggiungerne!!

MARC

LEADER 00000nam^a2200000^a^4500
001 000224235
005 20250521000000.0
009 20260310104044.634
020 |a 958-06-0358-8 
035 |a 043161 
037 |a Acervo Xavier Clavigero 
082 |a 338. 98 NUE 
245 1 4 |a LAS NUEVAS REGLAS DEL JUEGO:  |b HACIA UN DESARROLLO SOSTENIBLE EN AMERICA LATINA/  |c ED. HERNANDO DE SOTO 
264 |a COLOMBIA :  |b FUNDES,  |c 1991 
300 |a 263p. 
336 |a texto  |b txt  |2 rdacontenido 
337 |a sin mediación  |b n  |2 rdamedio 
338 |a volumen  |b nc  |2 rdasoporte 
649 |a XX 
650 |a Política -  |z Iberoamérica 
650 |a Política Social -  |z Iberoamérica 
650 |a Iberoamérica -  |x Condiciones Económicas 
700 |a Soto, Hernando de,  |e (edición) 
910 |a Fondo General 
920 |a Impresos - Libros 
930 |a Colección General 
905 |a 101 
901 |a 043161  |b IT1  |c ACC  |i 043161  |u 20250521 
902 |a https://opac.biblio.iteso.mx/vufind/Record/000224235